[Event "DVM U20 2021"]
[Site "Kiel GER"]
[Date "2022.07.23"]
[Round "1"]
[White "Mooser, Nicolas"]
[Black "Wübker, Paul-Luca"]
[Result "0-1"]
[Termination "normal"]
[Board "3.1"]
[WhiteElo "2025"]
[BlackElo "2157"]
[WhiteClock "00:01:47"]
[BlackClock "00:53:40"]
[WhiteTeam "FC Ergolding 1932 e.V."]
[BlackTeam "Schachgesellschaft Bochum 1931"]
[PlyCount "60"]
[WhiteFideId "12979406"]
[BlackFideId "12939528"]
[EventCountry "GER"]
[EventRounds "7"]
[EventType "team-swiss"]
[EventDate "2022.07.22"]

1. d4 {[%clk 01:30:51]} {[%emt 00:00:09]} Nf6 {[%clk 01:30:53]} {[%emt
00:00:08]} 2. c4 {[%clk 01:31:16]} {[%emt 00:00:04]} e6 {[%clk 01:31:16]}
{[%emt 00:00:07]} 3. g3 {[%clk 01:31:37]} {[%emt 00:00:09]} Bb4+ {[%clk
01:30:42]} {[%emt 00:01:04]} 4. Bd2 {[%clk 01:31:03]} {[%emt 00:01:03]} Bxd2+
{[%clk 01:31:05]} {[%emt 00:00:07]} 5. Qxd2 {[%clk 01:30:00]} {[%emt 00:01:34]}
O-O {[%clk 01:31:28]} {[%emt 00:00:07]} 6. Bg2 {[%clk 01:30:22]} {[%emt
00:00:08]} d6 {[%clk 01:31:52]} {[%emt 00:00:07]} 7. Nf3 {[%clk 01:30:26]}
{[%emt 00:00:26]} Nc6 {[%clk 01:32:14]} {[%emt 00:00:08]} 8. O-O {[%clk
01:29:35]} {[%emt 00:01:21]} e5 {[%clk 01:32:28]} {[%emt 00:00:15]} 9. Nc3
{[%clk 01:29:17]} {[%emt 00:00:48]} Bg4 {[%emt 00:05:29]} 10. Ne1 {[%clk
00:49:09]} {[%emt 00:39:56]} exd4 {[%clk 01:17:30]} {[%emt 00:11:11]} 11. Nb5
{[%clk 00:46:31]} {[%emt 00:03:08]} a6 {[%clk 01:14:43]} {[%emt 00:03:18]} 12.
Bxc6 {[%clk 00:41:41]} {[%emt 00:05:19]} axb5 {[%clk 01:09:09]} {[%emt
00:06:05]} 13. Bxb7 {[%clk 00:40:14]} {[%emt 00:01:56]} bxc4 {[%clk 01:08:20]}
{[%emt 00:01:19]} 14. Bxa8 {[%clk 00:31:33]} {[%emt 00:09:11]} Qxa8 {[%clk
01:08:42]} {[%emt 00:00:08]} 15. f3 {[%clk 00:31:25]} {[%emt 00:00:38]} Bh3
{[%clk 01:08:49]} {[%emt 00:00:22]} 16. Ng2 {[%clk 00:24:54]} {[%emt 00:07:01]}
Qa7 {[%clk 01:04:21]} {[%emt 00:04:59]} 17. Kh1 {[%clk 00:18:32]} {[%emt
00:06:51]} Nd5 {[%clk 01:03:33]} {[%emt 00:01:18]} 18. Rfc1 {[%clk 00:16:36]}
{[%emt 00:02:26]} Bxg2+ {[%clk 01:03:56]} {[%emt 00:00:08]} 19. Kxg2 {[%clk
00:16:56]} {[%emt 00:00:10]} Ne3+ {[%clk 01:04:22]} {[%emt 00:00:04]} 20. Kh1
{[%clk 00:16:36]} {[%emt 00:00:48]} c5 {[%clk 01:02:20]} {[%emt 00:02:34]} 21.
b3 {[%clk 00:14:06]} {[%emt 00:03:00]} d5 {[%clk 01:00:45]} {[%emt 00:02:06]}
22. b4 {[%clk 00:11:09]} {[%emt 00:03:26]} c3 {[%clk 00:59:29]} {[%emt
00:01:46]} 23. Rxc3 {[%clk 00:07:58]} {[%emt 00:03:41]} dxc3 {[%clk 00:59:52]}
{[%emt 00:00:07]} 24. Qxe3 {[%clk 00:08:22]} {[%emt 00:00:06]} d4 {[%clk
01:00:17]} {[%emt 00:00:05]} 25. Qd3 {[%clk 00:08:11]} {[%emt 00:00:41]} cxb4
{[%clk 01:00:39]} {[%emt 00:00:08]} 26. Qc4 {[%clk 00:08:28]} {[%emt 00:00:13]}
Rb8 {[%clk 01:01:01]} {[%emt 00:00:08]} 27. Rd1 {[%clk 00:07:04]} {[%emt
00:01:54]} g6 {[%clk 00:53:17]} {[%emt 00:08:14]} 28. Rxd4 {[%clk 00:07:07]}
{[%emt 00:00:26]} c2 {[%clk 00:53:00]} {[%emt 00:00:47]} 29. Rf4 {[%clk
00:01:52]} {[%emt 00:05:44]} b3 {[%clk 00:53:19]} {[%emt 00:00:13]} 30. axb3
{[%clk 00:01:47]} {[%emt 00:00:35]} Qa1+ {[%clk 00:53:40]} {[%emt 00:00:08]}
0-1

[Event "DVM U20 2021"]
[Site "Kiel GER"]
[Date "2022.07.23"]
[Round "1"]
[White "Biermann, Lenhard"]
[Black "Lohr, Maximilian"]
[Result "1-0"]
[Termination "normal"]
[Board "3.2"]
[WhiteElo "2078"]
[BlackElo "2092"]
[WhiteClock "00:27:54"]
[BlackClock "00:31:26"]
[WhiteTeam "Schachgesellschaft Bochum 1931"]
[BlackTeam "FC Ergolding 1932 e.V."]
[PlyCount "85"]
[WhiteFideId "12970077"]
[BlackFideId "12999717"]
[EventCountry "GER"]
[EventRounds "7"]
[EventType "team-swiss"]
[EventDate "2022.07.22"]

1. d4 {[%clk 01:30:57]} {[%emt 00:00:03]} d5 {[%clk 01:30:53]} {[%emt
00:00:06]} 2. c4 {[%clk 01:31:22]} {[%emt 00:00:05]} e6 {[%clk 01:31:18]}
{[%emt 00:00:05]} 3. Nf3 {[%clk 01:31:48]} {[%emt 00:00:05]} Nf6 {[%clk
01:31:40]} {[%emt 00:00:07]} 4. g3 {[%clk 01:32:14]} {[%emt 00:00:05]} dxc4
{[%clk 01:31:58]} {[%emt 00:00:12]} 5. Bg2 {[%clk 01:31:13]} {[%emt 00:01:31]}
Bb4+ {[%clk 01:32:08]} {[%emt 00:00:19]} 6. Bd2 {[%clk 01:31:17]} {[%emt
00:00:26]} a5 {[%clk 01:32:34]} {[%emt 00:00:04]} 7. O-O {[%clk 01:30:44]}
{[%emt 00:01:04]} O-O {[%clk 01:32:36]} {[%emt 00:00:26]} 8. Qc2 {[%clk
01:21:59]} {[%emt 00:09:17]} Bxd2 {[%clk 01:30:56]} {[%emt 00:02:10]} 9. Nbxd2
{[%clk 01:21:30]} {[%emt 00:00:58]} b5 {[%clk 01:31:14]} {[%emt 00:00:13]} 10.
b3 {[%clk 01:04:40]} {[%emt 00:17:20]} cxb3 {[%clk 01:31:28]} {[%emt 00:00:15]}
11. Nxb3 {[%clk 01:05:07]} {[%emt 00:00:04]} Nd5 {[%clk 01:06:22]} {[%emt
00:25:35]} 12. Rac1 {[%clk 01:01:29]} {[%emt 00:04:08]} Na6 {[%clk 00:55:19]}
{[%emt 00:11:33]} 13. Ne5 {[%clk 00:51:48]} {[%emt 00:10:12]} Qd6 {[%clk
00:44:18]} {[%emt 00:11:30]} 14. Qd2 {[%clk 00:42:09]} {[%emt 00:10:09]} a4
{[%clk 00:38:35]} {[%emt 00:06:13]} 15. Nc5 {[%clk 00:30:24]} {[%emt 00:12:16]}
Nxc5 {[%clk 00:38:54]} {[%emt 00:00:10]} 16. Rxc5 {[%clk 00:30:40]} {[%emt
00:00:14]} Rb8 {[%clk 00:37:19]} {[%emt 00:02:04]} 17. Rfc1 {[%clk 00:25:10]}
{[%emt 00:06:02]} Rb6 {[%clk 00:23:17]} {[%emt 00:14:32]} 18. e4 {[%clk
00:18:50]} {[%emt 00:06:50]} Ne7 {[%clk 00:23:33]} {[%emt 00:00:13]} 19. Rxc7
{[%clk 00:16:38]} {[%emt 00:02:42]} f6 {[%clk 00:22:28]} {[%emt 00:01:36]} 20.
Qe3 {[%clk 00:07:01]} {[%emt 00:10:07]} Ra6 {[%clk 00:17:05]} {[%emt 00:05:52]}
21. Nd7 {[%clk 00:02:46]} {[%emt 00:04:45]} Bxd7 {[%clk 00:06:18]} {[%emt
00:11:17]} 22. e5 {[%clk 00:03:11]} {[%emt 00:00:06]} fxe5 {[%clk 00:06:45]}
{[%emt 00:00:03]} 23. dxe5 {[%clk 00:03:36]} {[%emt 00:00:05]} Qb6 {[%clk
00:02:34]} {[%emt 00:04:41]} 24. Qxb6 {[%clk 00:03:41]} {[%emt 00:00:25]} Rxb6
{[%clk 00:02:59]} {[%emt 00:00:04]} 25. Rxd7 {[%clk 00:04:03]} {[%emt
00:00:08]} Re8 {[%clk 00:02:38]} {[%emt 00:00:52]} 26. Rcc7 {[%clk 00:03:31]}
{[%emt 00:01:01]} Kf8 {[%clk 00:03:03]} {[%emt 00:00:05]} 27. a3 {[%clk
00:01:57]} {[%emt 00:02:04]} b4 {[%clk 00:03:19]} {[%emt 00:00:14]} 28. axb4
{[%clk 00:02:17]} {[%emt 00:00:11]} Rxb4 {[%clk 00:03:42]} {[%emt 00:00:07]}
29. Ra7 {[%clk 00:01:45]} {[%emt 00:01:02]} Rb5 {[%clk 00:02:07]} {[%emt
00:02:04]} 30. Rxa4 {[%clk 00:00:38]} {[%emt 00:01:37]} Rxe5 {[%clk 00:02:29]}
{[%emt 00:00:09]} 31. Raa7 {[%clk 00:00:45]} {[%emt 00:00:22]} g6 {[%clk
00:00:36]} {[%emt 00:02:23]} 32. Bf3 {[%clk 00:00:41]} {[%emt 00:00:34]} Rf5
{[%clk 00:00:50]} {[%emt 00:00:16]} 33. Kg2 {[%clk 00:01:00]} {[%emt 00:00:12]}
Rf6 {[%clk 00:00:48]} {[%emt 00:00:32]} 34. Rdc7 {[%clk 00:00:39]} {[%emt
00:00:51]} Rf7 {[%clk 00:00:49]} {[%emt 00:00:29]} 35. h4 {[%clk 00:00:50]}
{[%emt 00:00:19]} Rb8 {[%clk 00:00:37]} {[%emt 00:00:41]} 36. h5 {[%clk
00:00:50]} {[%emt 00:00:31]} Rb3 {[%clk 00:00:57]} {[%emt 00:00:10]} 37. h6
{[%clk 00:00:37]} {[%emt 00:00:42]} Rb8 {[%clk 00:00:37]} {[%emt 00:00:51]} 38.
Bg4 {[%clk 00:00:58]} {[%emt 00:00:09]} Re8 {[%clk 00:00:35]} {[%emt 00:00:31]}
39. Bxe6 {[%clk 00:01:10]} {[%emt 00:00:18]} Rf6 {[%clk 00:01:02]} {[%emt
00:00:04]} 40. Bb3 {[%clk 00:00:40]} {[%emt 00:00:59]} Nc8 {[%clk 00:00:34]}
{[%emt 00:00:59]} 41. Rf7+ {[%clk 00:27:28]} {[%emt 00:03:41]} Rxf7 {[%clk
00:30:58]} {[%emt 00:00:06]} 42. Rxf7+ {[%clk 00:27:54]} {[%emt 00:00:04]} Kg8
{[%clk 00:31:26]} {[%emt 00:00:02]} 43. Rf5+ {[%emt 00:01:21]} 1-0

[Event "DVM U20 2021"]
[Site "Kiel GER"]
[Date "2022.07.23"]
[Round "1"]
[White "Lichtmannecker, Daniel"]
[Black "Biermann, Florian"]
[Result "1/2-1/2"]
[Termination "normal"]
[Board "3.3"]
[WhiteElo "2013"]
[BlackElo "2100"]
[WhiteClock "00:09:23"]
[BlackClock "00:07:10"]
[WhiteTeam "FC Ergolding 1932 e.V."]
[BlackTeam "Schachgesellschaft Bochum 1931"]
[PlyCount "60"]
[WhiteFideId "12979414"]
[BlackFideId "12970069"]
[EventCountry "GER"]
[EventRounds "7"]
[EventType "team-swiss"]
[EventDate "2022.07.22"]

1. e4 {[%clk 01:30:56]} {[%emt 00:00:03]} c5 {[%clk 01:30:40]} {[%emt
00:00:21]} 2. Nf3 {[%clk 01:31:20]} {[%emt 00:00:06]} e6 {[%clk 01:30:54]}
{[%emt 00:00:16]} 3. g3 {[%clk 01:31:45]} {[%emt 00:00:05]} Nc6 {[%clk
01:24:28]} {[%emt 00:06:56]} 4. Bg2 {[%clk 01:31:51]} {[%emt 00:00:24]} Nf6
{[%clk 01:23:31]} {[%emt 00:01:27]} 5. Qe2 {[%clk 01:32:05]} {[%emt 00:00:16]}
d5 {[%clk 01:23:00]} {[%emt 00:01:01]} 6. exd5 {[%clk 01:31:47]} {[%emt
00:00:48]} Nxd5 {[%clk 01:23:09]} {[%emt 00:00:21]} 7. O-O {[%clk 01:31:57]}
{[%emt 00:00:20]} Be7 {[%clk 01:22:44]} {[%emt 00:00:54]} 8. Rd1 {[%clk
01:32:08]} {[%emt 00:00:20]} O-O {[%clk 01:17:46]} {[%emt 00:05:28]} 9. d4
{[%clk 01:32:28]} {[%emt 00:00:11]} cxd4 {[%clk 01:16:20]} {[%emt 00:01:55]}
10. Nxd4 {[%clk 01:32:51]} {[%emt 00:00:07]} Nxd4 {[%clk 01:06:47]} {[%emt
00:10:04]} 11. Rxd4 {[%clk 01:33:07]} {[%emt 00:00:13]} Bf6 {[%clk 01:05:41]}
{[%emt 00:01:36]} 12. Rd1 {[%clk 01:33:30]} {[%emt 00:00:07]} Qc7 {[%clk
01:05:09]} {[%emt 00:01:02]} 13. c4 {[%clk 01:33:20]} {[%emt 00:00:41]} Nb6
{[%clk 01:01:53]} {[%emt 00:03:45]} 14. Na3 {[%clk 01:33:31]} {[%emt 00:00:20]}
Bd7 {[%clk 00:52:24]} {[%emt 00:09:59]} 15. Bf4 {[%clk 01:30:27]} {[%emt
00:03:33]} Qc8 {[%clk 00:30:15]} {[%emt 00:22:38]} 16. Nb5 {[%clk 00:52:24]}
{[%emt 00:38:33]} Bxb5 {[%clk 00:13:35]} {[%emt 00:17:10]} 17. cxb5 {[%clk
00:52:26]} {[%emt 00:00:29]} e5 {[%clk 00:13:26]} {[%emt 00:00:39]} 18. Rac1
{[%clk 00:51:15]} {[%emt 00:01:41]} Qe6 {[%clk 00:12:00]} {[%emt 00:01:56]} 19.
Be3 {[%clk 00:49:49]} {[%emt 00:01:56]} e4 {[%clk 00:09:23]} {[%emt 00:03:07]}
20. Bxb6 {[%clk 00:29:56]} {[%emt 00:20:23]} axb6 {[%clk 00:09:33]} {[%emt
00:00:20]} 21. Qxe4 {[%clk 00:26:17]} {[%emt 00:04:08]} Qxe4 {[%clk 00:09:39]}
{[%emt 00:00:25]} 22. Bxe4 {[%clk 00:26:45]} {[%emt 00:00:01]} Rxa2 {[%clk
00:09:19]} {[%emt 00:00:51]} 23. Rc2 {[%clk 00:13:48]} {[%emt 00:13:27]} Rxb2
{[%clk 00:08:48]} {[%emt 00:01:01]} 24. Rxb2 {[%clk 00:14:14]} {[%emt
00:00:04]} Bxb2 {[%clk 00:09:09]} {[%emt 00:00:08]} 25. Rd6 {[%clk 00:13:41]}
{[%emt 00:01:03]} Re8 {[%clk 00:07:00]} {[%emt 00:02:40]} 26. Bxb7 {[%clk
00:12:52]} {[%emt 00:01:19]} g6 {[%clk 00:06:27]} {[%emt 00:01:03]} 27. Bd5
{[%clk 00:11:04]} {[%emt 00:02:17]} Rb8 {[%clk 00:06:07]} {[%emt 00:00:50]} 28.
Rd7 {[%clk 00:10:52]} {[%emt 00:00:42]} Rf8 {[%clk 00:06:25]} {[%emt 00:00:12]}
29. Rd6 {[%clk 00:11:00]} {[%emt 00:00:23]} Rb8 {[%clk 00:06:48]} {[%emt
00:00:07]} 30. Rd7 {[%clk 00:09:23]} {[%emt 00:02:07]} Rf8 {[%clk 00:07:10]}
{[%emt 00:00:08]} 1/2-1/2

[Event "DVM U20 2021"]
[Site "Kiel GER"]
[Date "2022.07.23"]
[Round "1"]
[White "Prieb, Robert"]
[Black "Astner, Sebastian"]
[Result "1-0"]
[Termination "normal"]
[Board "3.4"]
[WhiteTitle "CM"]
[WhiteElo "2111"]
[BlackElo "1888"]
[WhiteClock "00:01:48"]
[BlackClock "00:31:10"]
[WhiteTeam "Schachgesellschaft Bochum 1931"]
[BlackTeam "FC Ergolding 1932 e.V."]
[PlyCount "135"]
[WhiteFideId "16212002"]
[BlackFideId "12979422"]
[EventCountry "GER"]
[EventRounds "7"]
[EventType "team-swiss"]
[EventDate "2022.07.22"]

1. d4 {[%clk 01:30:56]} {[%emt 00:00:03]} d5 {[%clk 01:30:56]} {[%emt
00:00:05]} 2. c4 {[%clk 01:31:14]} {[%emt 00:00:11]} c6 {[%clk 01:31:21]}
{[%emt 00:00:05]} 3. Nc3 {[%clk 01:31:25]} {[%emt 00:00:18]} e6 {[%clk
01:31:47]} {[%emt 00:00:05]} 4. e3 {[%clk 01:31:37]} {[%emt 00:00:18]} Nf6
{[%clk 01:32:03]} {[%emt 00:00:14]} 5. Nf3 {[%clk 01:31:41]} {[%emt 00:00:26]}
Bd6 {[%clk 01:31:47]} {[%emt 00:00:46]} 6. Qc2 {[%clk 01:31:48]} {[%emt
00:00:22]} O-O {[%clk 01:31:41]} {[%emt 00:00:38]} 7. Rg1 {[%clk 01:31:46]}
{[%emt 00:00:31]} Re8 {[%clk 01:30:17]} {[%emt 00:01:54]} 8. g4 {[%clk
01:29:45]} {[%emt 00:02:31]} e5 {[%clk 01:27:46]} {[%emt 00:03:01]} 9. g5
{[%clk 01:28:27]} {[%emt 00:01:48]} exd4 {[%clk 01:26:35]} {[%emt 00:01:41]}
10. gxf6 {[%clk 01:26:57]} {[%emt 00:01:59]} Qxf6 {[%clk 01:26:51]} {[%emt
00:00:15]} 11. Nxd4 {[%clk 01:20:00]} {[%emt 00:07:28]} Qxd4 {[%clk 01:26:16]}
{[%emt 00:01:05]} 12. cxd5 {[%clk 01:19:56]} {[%emt 00:00:33]} cxd5 {[%clk
01:23:58]} {[%emt 00:02:49]} 13. Bd2 {[%clk 01:18:14]} {[%emt 00:02:11]} Qe5
{[%clk 01:22:45]} {[%emt 00:01:43]} 14. Bd3 {[%clk 01:15:40]} {[%emt 00:03:04]}
g6 {[%clk 01:21:30]} {[%emt 00:01:45]} 15. O-O-O {[%clk 01:10:49]} {[%emt
00:05:21]} Nc6 {[%clk 01:20:23]} {[%emt 00:01:37]} 16. f4 {[%clk 01:09:17]}
{[%emt 00:02:01]} Qh5 {[%clk 01:11:02]} {[%emt 00:09:52]} 17. Rg5 {[%clk
01:06:41]} {[%emt 00:03:05]} Qxh2 {[%clk 01:11:07]} {[%emt 00:00:26]} 18. Nxd5
{[%clk 01:06:36]} {[%emt 00:00:34]} Be6 {[%clk 01:10:15]} {[%emt 00:01:23]} 19.
Nf6+ {[%clk 01:02:48]} {[%emt 00:04:18]} Kf8 {[%clk 01:10:34]} {[%emt
00:00:11]} 20. Nxe8 {[%clk 01:00:14]} {[%emt 00:03:03]} Rxe8 {[%clk 01:10:28]}
{[%emt 00:00:37]} 21. Bc3 {[%clk 00:54:50]} {[%emt 00:05:53]} Qh3 {[%clk
01:09:26]} {[%emt 00:01:33]} 22. Bxg6 {[%clk 00:42:28]} {[%emt 00:12:52]} hxg6
{[%clk 01:06:35]} {[%emt 00:03:21]} 23. Rxd6 {[%clk 00:42:24]} {[%emt
00:00:33]} Qxe3+ {[%clk 01:05:20]} {[%emt 00:01:46]} 24. Qd2 {[%clk 00:41:13]}
{[%emt 00:01:40]} Qf3 {[%clk 01:03:49]} {[%emt 00:02:02]} 25. Qh2 {[%clk
00:32:12]} {[%emt 00:09:31]} Bh3 {[%clk 01:00:36]} {[%emt 00:03:43]} 26. Qg3
{[%clk 00:28:35]} {[%emt 00:04:07]} Re3 {[%clk 00:57:56]} {[%emt 00:03:11]} 27.
Qxf3 {[%clk 00:27:29]} {[%emt 00:01:35]} Rxf3 {[%clk 00:58:22]} {[%emt
00:00:04]} 28. Rb5 {[%clk 00:22:36]} {[%emt 00:05:22]} Ke7 {[%clk 00:53:46]}
{[%emt 00:05:06]} 29. Rd2 {[%clk 00:19:59]} {[%emt 00:03:08]} b6 {[%clk
00:53:18]} {[%emt 00:00:58]} 30. Bb4+ {[%clk 00:19:20]} {[%emt 00:01:09]} Nxb4
{[%clk 00:51:02]} {[%emt 00:02:46]} 31. Rxb4 {[%clk 00:19:35]} {[%emt
00:00:15]} Be6 {[%clk 00:50:12]} {[%emt 00:01:20]} 32. b3 {[%clk 00:17:13]}
{[%emt 00:02:51]} Kf6 {[%clk 00:49:32]} {[%emt 00:01:11]} 33. Ra4 {[%clk
00:15:27]} {[%emt 00:02:15]} Kf5 {[%clk 00:47:49]} {[%emt 00:02:13]} 34. Rdd4
{[%clk 00:14:23]} {[%emt 00:01:34]} a5 {[%clk 00:45:30]} {[%emt 00:02:50]} 35.
Kb2 {[%clk 00:12:51]} {[%emt 00:02:02]} Kg4 {[%clk 00:43:15]} {[%emt 00:02:45]}
36. Ka3 {[%clk 00:10:10]} {[%emt 00:03:10]} Bf5 {[%clk 00:40:27]} {[%emt
00:03:19]} 37. Rd6 {[%clk 00:08:51]} {[%emt 00:01:48]} Rxf4 {[%clk 00:37:00]}
{[%emt 00:03:57]} 38. Rxb6 {[%clk 00:08:30]} {[%emt 00:00:51]} Be4 {[%clk
00:34:38]} {[%emt 00:02:52]} 39. Rxa5 {[%clk 00:06:38]} {[%emt 00:02:22]} g5
{[%clk 00:34:12]} {[%emt 00:00:57]} 40. b4 {[%clk 00:03:56]} {[%emt 00:03:11]}
f5 {[%clk 00:33:23]} {[%emt 00:01:19]} 41. Rg6 {[%clk 00:01:19]} {[%emt
00:03:07]} Rf3+ {[%clk 00:32:54]} {[%emt 00:00:59]} 42. Kb2 {[%clk 00:30:16]}
{[%emt 00:01:33]} Kf4 {[%clk 01:02:59]} {[%emt 00:00:26]} 43. b5 {[%clk
00:26:10]} {[%emt 00:04:36]} g4 {[%clk 01:02:42]} {[%emt 00:00:46]} 44. Ra7
{[%clk 00:23:24]} {[%emt 00:03:16]} Rf1 {[%clk 01:01:16]} {[%emt 00:01:56]} 45.
a4 {[%clk 00:21:22]} {[%emt 00:02:32]} Rb1+ {[%clk 00:56:55]} {[%emt 00:04:52]}
46. Kc3 {[%clk 00:20:35]} {[%emt 00:01:16]} Kf3 {[%clk 00:56:59]} {[%emt
00:00:26]} 47. Rag7 {[%clk 00:18:27]} {[%emt 00:02:38]} Ke3 {[%clk 00:55:49]}
{[%emt 00:01:41]} 48. Re7 {[%clk 00:14:17]} {[%emt 00:04:40]} Kf2 {[%clk
00:54:10]} {[%emt 00:02:07]} 49. Rxg4 {[%clk 00:03:59]} {[%emt 00:10:50]} fxg4
{[%clk 00:43:35]} {[%emt 00:11:05]} 50. Rxe4 {[%clk 00:04:22]} {[%emt
00:00:07]} g3 {[%clk 00:43:36]} {[%emt 00:00:29]} 51. Rg4 {[%clk 00:04:15]}
{[%emt 00:00:37]} Kf3 {[%clk 00:42:00]} {[%emt 00:02:05]} 52. Rg5 {[%clk
00:03:54]} {[%emt 00:00:51]} g2 {[%clk 00:38:48]} {[%emt 00:03:43]} 53. Kc4
{[%clk 00:03:05]} {[%emt 00:01:18]} g1=Q {[%clk 00:36:52]} {[%emt 00:02:27]}
54. Rxg1 {[%clk 00:03:28]} {[%emt 00:00:06]} Rxg1 {[%clk 00:37:20]} {[%emt
00:00:02]} 55. a5 {[%clk 00:02:03]} {[%emt 00:01:55]} Rg4+ {[%clk 00:33:35]}
{[%emt 00:04:15]} 56. Kc5 {[%clk 00:01:34]} {[%emt 00:00:59]} Rg5+ {[%clk
00:32:11]} {[%emt 00:01:55]} 57. Kc6 {[%clk 00:01:44]} {[%emt 00:00:19]} Rg6+
{[%clk 00:32:37]} {[%emt 00:00:04]} 58. Kb7 {[%clk 00:01:56]} {[%emt 00:00:18]}
Rg7+ {[%clk 00:32:59]} {[%emt 00:00:08]} 59. Ka6 {[%clk 00:01:51]} {[%emt
00:00:34]} Ke4 {[%clk 00:32:40]} {[%emt 00:00:50]} 60. b6 {[%clk 00:01:56]}
{[%emt 00:00:25]} Kd5 {[%clk 00:32:45]} {[%emt 00:00:24]} 61. b7 {[%clk
00:01:53]} {[%emt 00:00:34]} Rg8 {[%clk 00:32:30]} {[%emt 00:00:44]} 62. Kb6
{[%clk 00:01:55]} {[%emt 00:00:29]} Rg6+ {[%clk 00:32:32]} {[%emt 00:00:28]}
63. Ka7 {[%clk 00:01:53]} {[%emt 00:00:32]} Rg7 {[%clk 00:30:53]} {[%emt
00:02:09]} 64. Ka8 {[%clk 00:01:56]} {[%emt 00:00:27]} Kc6 {[%clk 00:30:23]}
{[%emt 00:01:01]} 65. b8=Q {[%clk 00:01:54]} {[%emt 00:00:31]} Rc7 {[%clk
00:30:46]} {[%emt 00:00:07]} 66. Qe8+ {[%clk 00:01:52]} {[%emt 00:00:32]} Kd6
{[%clk 00:30:56]} {[%emt 00:00:20]} 67. a6 {[%clk 00:01:56]} {[%emt 00:00:25]}
Re7 {[%clk 00:31:10]} {[%emt 00:00:17]} 68. Qxe7+ {[%clk 00:01:48]} {[%emt
00:00:08]} 1-0

[Event "DVM U20 2021"]
[Site "Kiel GER"]
[Date "2022.07.23"]
[Round "1"]
[White "Sowka, Patrick"]
[Black "Gluma, Christian"]
[Result "0-1"]
[Termination "normal"]
[Board "3.5"]
[WhiteElo "1598"]
[BlackElo "2044"]
[WhiteClock "00:03:12"]
[BlackClock "00:44:16"]
[WhiteTeam "FC Ergolding 1932 e.V."]
[BlackTeam "Schachgesellschaft Bochum 1931"]
[PlyCount "54"]
[WhiteFideId "16234944"]
[BlackFideId "16223209"]
[EventCountry "GER"]
[EventRounds "7"]
[EventType "team-swiss"]
[EventDate "2022.07.22"]

1. d4 {[%clk 01:30:58]} {[%emt 00:00:02]} g6 {[%clk 01:30:37]} {[%emt
00:00:22]} 2. c4 {[%clk 01:31:14]} {[%emt 00:00:14]} Bg7 {[%clk 01:31:03]}
{[%emt 00:00:05]} 3. Nf3 {[%clk 01:31:21]} {[%emt 00:00:22]} d6 {[%clk
01:31:17]} {[%emt 00:00:17]} 4. Bf4 {[%clk 01:28:40]} {[%emt 00:03:11]} c5
{[%clk 01:27:22]} {[%emt 00:04:25]} 5. e3 {[%clk 01:21:18]} {[%emt 00:07:51]}
Qb6 {[%clk 01:24:15]} {[%emt 00:03:37]} 6. Qb3 {[%clk 01:16:04]} {[%emt
00:05:44]} Nc6 {[%clk 01:18:22]} {[%emt 00:06:23]} 7. dxc5 {[%clk 01:08:21]}
{[%emt 00:08:13]} Qxb3 {[%clk 01:10:09]} {[%emt 00:08:44]} 8. axb3 {[%clk
01:08:49]} {[%emt 00:00:02]} Nb4 {[%clk 01:07:44]} {[%emt 00:02:55]} 9. Ra5
{[%clk 00:59:59]} {[%emt 00:09:19]} dxc5 {[%clk 01:04:10]} {[%emt 00:04:04]}
10. Rxc5 {[%clk 00:58:37]} {[%emt 00:01:53]} Bd7 {[%clk 01:01:05]} {[%emt
00:03:34]} 11. Nc3 {[%clk 00:23:27]} {[%emt 00:35:41]} b6 {[%clk 00:59:39]}
{[%emt 00:01:56]} 12. Rg5 {[%clk 00:23:55]} {[%emt 00:00:01]} f6 {[%clk
00:59:17]} {[%emt 00:00:52]} 13. Rg3 {[%clk 00:23:35]} {[%emt 00:00:51]} e5
{[%clk 00:59:35]} {[%emt 00:00:11]} 14. Bxe5 {[%clk 00:15:59]} {[%emt
00:08:07]} fxe5 {[%clk 00:59:59]} {[%emt 00:00:06]} 15. h4 {[%clk 00:16:23]}
{[%emt 00:00:05]} Ne7 {[%clk 00:59:30]} {[%emt 00:00:59]} 16. h5 {[%clk
00:15:01]} {[%emt 00:01:52]} Rd8 {[%clk 00:55:47]} {[%emt 00:04:13]} 17. h6
{[%clk 00:13:35]} {[%emt 00:01:57]} Bf6 {[%clk 00:53:04]} {[%emt 00:03:13]} 18.
Ne4 {[%clk 00:13:27]} {[%emt 00:00:37]} Nc2+ {[%clk 00:49:18]} {[%emt
00:04:16]} 19. Ke2 {[%clk 00:13:56]} {[%emt 00:00:01]} O-O {[%clk 00:49:06]}
{[%emt 00:00:42]} 20. Nxf6+ {[%clk 00:13:04]} {[%emt 00:01:23]} Rxf6 {[%clk
00:49:31]} {[%emt 00:00:05]} 21. Nxe5 {[%emt 00:00:25]} Nf5 {[%clk 00:48:36]}
{[%emt 00:01:04]} 22. Rg5 {[%clk 00:12:33]} {[%emt 00:01:26]} Re6 {[%clk
00:47:08]} {[%emt 00:01:59]} 23. Nd3 {[%clk 00:10:41]} {[%emt 00:02:21]} Bc6
{[%clk 00:45:04]} {[%emt 00:02:35]} 24. Kd2 {[%clk 00:09:51]} {[%emt 00:01:20]}
Nb4 {[%clk 00:44:54]} {[%emt 00:00:39]} 25. Kc3 {[%clk 00:10:20]} {[%emt
00:00:02]} Na2+ {[%clk 00:45:12]} {[%emt 00:00:12]} 26. Kd2 {[%clk 00:05:03]}
{[%emt 00:05:47]} Be4 {[%clk 00:45:10]} {[%emt 00:00:31]} 27. g4 {[%clk
00:03:12]} {[%emt 00:02:21]} Nxe3 {[%clk 00:44:16]} {[%emt 00:01:24]} 0-1